00710nam a2200193 a 450000100100000000500170001000800410002704000250006808200150009310000290010824500770013726000730021430000270028749000340031450400290034804900090037795201130038699900170049900002980620200930055823.0110426s1989 dr a 000 0 spa d aDO-SdBNPbspacBNPHU axxxbM978r1 aMurphy, Martin F.95656210aRespuestas dominicanas frente a la crisis azucarera /cMartin F. Murphy. aSanto Domingo :bFundación Friedrich ebertfAmigo del Hogarc1989. a33 p. :bil. ;c23 cm.1 aEstudios económico-Sociales aBibliografías p. 31-32 aBNPD 0010718PDaPDbPDcCTd2011-04-26iLF1l0oxxx M978rp29806-10r2020-06-25w2020-06-25yLFPDZNo se presta c29298d29298